000
00285nam a22001337a 4500
008
170203b xxu||||| |||| 00| 0 eng d
020
_a
0473057654
041
_a
eng
080
_2
4TH
_a
61
100
_a
3
101
_a
SHM
245
_a
MANUAL THERAPY
_c
MULLIGAN, B.R
942
_2
udc
_c
BK
999
_c
4466
_d
4466